|
|
|
|
| LEADER |
00000nas a22000004a 4500 |
| 001 |
AR-BbUGT7178 |
| 003 |
AR-BbUGT |
| 005 |
20240122115839.0 |
| 007 |
ta |
| 008 |
180611s2008 |||ar| |||||0|||||spa d |
| 040 |
|
|
|a AR-BbUGT
|c AR-BbUGT
|
| 082 |
0 |
4 |
|a 387.1
|
| 245 |
0 |
0 |
|a Anuario portuario y marítimo : puertos argentinos y del Mercosur
|
| 260 |
|
|
|a Ciudad Autónoma de Buenos Aires :
|b Ariel Armero,
|c [1970 - ]
|
| 300 |
|
|
|a v. :
|b il. (col. ) ;
|c 28 cm.
|
| 310 |
|
|
|a Anual
|
| 362 |
1 |
|
|a Comenzó en 1970.
|
| 500 |
|
|
|a Descripción basada en Nro. 30 (2008)
|
| 580 |
|
|
|a Tiene suplemento: Manual del Puerto Buenos Aires = Port Handbook 2016
|
| 770 |
0 |
|
|t Puerto de Buenos Aires = Port Handbook 2016
|g 2016
|w AR-BbUGT7185
|o R7662.44
|
| 770 |
0 |
|
|t Anuario Portuario y Marítimo = Argentinean and Mercosur Ports (2003 Special Edition)
|g 2003 (Special Edition)
|w AR-BbUGT4154
|o R7668.44
|
| 866 |
|
0 |
|a No. 36 (Año 2014) - No. 38 (Año 2016) - No. 31 (Año 2009) - No. 30 (Año 2008) - No. 35 (Año 2013) - No. 34 (Año 2012)
|
| 942 |
|
|
|c CR
|h 387.1
|m HEM
|2 ddc
|6 387_100000000000000
|
| 999 |
|
|
|c 12690
|d 12690
|